00817nam a22002177a 4500999001900000005001700019010001500036020002600051035001400077037000900091082001400100100002400114245010300138260004800241270008900289300002600378700002200404700002300426942002800449952012200477 c186287d18628720220221170910.0 aENG-131720 a9788195267972c999.00 aEN-115252 bDBAD a519.50285 aReddy, D. Ranadheer aComputer Oriented Statistical Methods/cD. Ranadheer Reddy, K. Upender Reddy and C. Vamshi Krishna aHyderabadbS International Publishersc2021 a# 326/C, III Floor, Surneni Nilayam Near B K Guda Park, S R NagarbHyderabade500038 axvi, 512p.c24cm(pbk) aReddy, K. Upender aKrishna, C. Vamshi 2ddccENh519.50285mRED 001040708NFICaLbLd2022-02-21eDBAD/PUBg999.00l0o519.50285 REDpEN-115252r2022-02-21 00:00:00t1v999.00yEN